<?xml version="1.0" encoding="UTF-8"?>
<record
    xmlns:xsi="http://www.w3.org/2001/XMLSchema-instance"
    xsi:schemaLocation="http://www.loc.gov/MARC21/slim http://www.loc.gov/standards/marcxml/schema/MARC21slim.xsd"
    xmlns="http://www.loc.gov/MARC21/slim">

  <leader>01622nam2a22002771  4500</leader>
  <controlfield tag="001">rc\4045949</controlfield>
  <controlfield tag="005">20250611070846.0</controlfield>
  <datafield tag="021" ind1=" " ind2=" ">
    <subfield code="a">RU</subfield>
    <subfield code="b">[46-3064]</subfield>
  </datafield>
  <datafield tag="035" ind1=" " ind2=" ">
    <subfield code="a">(NLR Aleph) 008102980</subfield>
  </datafield>
  <datafield tag="090" ind1=" " ind2=" ">
    <subfield code="a">9256194</subfield>
    <subfield code="c">9256194</subfield>
  </datafield>
  <datafield tag="100" ind1=" " ind2=" ">
    <subfield code="a">20130415d1946    |||y0rusy50      ca</subfield>
  </datafield>
  <datafield tag="101" ind1="0" ind2=" ">
    <subfield code="a">rus</subfield>
  </datafield>
  <datafield tag="102" ind1=" " ind2=" ">
    <subfield code="a">RU</subfield>
  </datafield>
  <datafield tag="105" ind1=" " ind2=" ">
    <subfield code="a">y   z   |||||</subfield>
  </datafield>
  <datafield tag="200" ind1="1" ind2=" ">
    <subfield code="a">&#x41D;&#x430;&#x43A;&#x43E;&#x43F;&#x43B;&#x435;&#x43D;&#x438;&#x435; &#x43A;&#x430;&#x43F;&#x438;&#x442;&#x430;&#x43B;&#x430; &#x438; &#x43E;&#x431;&#x43D;&#x438;&#x449;&#x430;&#x43D;&#x438;&#x435; &#x43F;&#x440;&#x43E;&#x43B;&#x435;&#x442;&#x430;&#x440;&#x438;&#x430;&#x442;&#x430;</subfield>
    <subfield code="e">&#x421;&#x442;&#x435;&#x43D;&#x43E;&#x433;&#x440;&#x430;&#x43C;&#x43C;&#x44B; &#x43B;&#x435;&#x43A;&#x446;&#x438;&#x439; &#x447;&#x43B;.-&#x43A;&#x43E;&#x440;. &#x410;&#x43A;&#x430;&#x434;. &#x43D;&#x430;&#x443;&#x43A; &#x421;&#x421;&#x421;&#x420; &#x41A;.&#x412;. &#x41E;&#x441;&#x442;&#x440;&#x43E;&#x432;&#x438;&#x442;&#x44F;&#x43D;&#x43E;&#x432;&#x430;, &#x43F;&#x440;&#x43E;&#x447;&#x438;&#x442;. &#x432; 1944-1945 &#x443;&#x447;&#x435;&#x431;. &#x433;&#x43E;&#x434;&#x443;</subfield>
  </datafield>
  <datafield tag="210" ind1=" " ind2=" ">
    <subfield code="a">&#x41C;&#x43E;&#x441;&#x43A;&#x432;&#x430;</subfield>
    <subfield code="c">&#x422;&#x438;&#x43F;. [&#x412;&#x44B;&#x441;&#x448;. &#x43F;&#x430;&#x440;&#x442;. &#x448;&#x43A;&#x43E;&#x43B;&#x44B; &#x43F;&#x440;&#x438; &#x426;&#x41A; &#x412;&#x41A;&#x41F;(&#x431;)]</subfield>
    <subfield code="d">1946</subfield>
  </datafield>
  <datafield tag="215" ind1=" " ind2=" ">
    <subfield code="a">40 &#x441;.</subfield>
  </datafield>
  <datafield tag="461" ind1=" " ind2="0">
    <subfield code="1">001rc\4045942</subfield>
    <subfield code="1">2001#$a&#x41A;&#x443;&#x440;&#x441; &#x43F;&#x43E;&#x43B;&#x438;&#x442;&#x438;&#x447;&#x435;&#x441;&#x43A;&#x43E;&#x439; &#x44D;&#x43A;&#x43E;&#x43D;&#x43E;&#x43C;&#x438;&#x438;$e&#x41B;&#x435;&#x43A;&#x446;&#x438;&#x44F; 1-$f&#x412;&#x44B;&#x441;&#x448;. &#x448;&#x43A;&#x43E;&#x43B;&#x430; &#x43F;&#x430;&#x440;&#x442;. &#x43E;&#x440;&#x433;&#x430;&#x43D;&#x438;&#x437;&#x430;&#x442;&#x43E;&#x440;&#x43E;&#x432; &#x43F;&#x440;&#x438; &#x426;&#x41A; &#x412;&#x41A;&#x41F;(&#x431;)$v&#x41B;&#x435;&#x43A;&#x446;&#x438;&#x438; 13 &#x438; 14</subfield>
    <subfield code="9">9256155</subfield>
    <subfield code="c">&#x41C;&#x43E;&#x441;&#x43A;&#x432;&#x430;</subfield>
    <subfield code="d">1946</subfield>
    <subfield code="f">&#x412;&#x44B;&#x441;&#x448;. &#x448;&#x43A;&#x43E;&#x43B;&#x430; &#x43F;&#x430;&#x440;&#x442;. &#x43E;&#x440;&#x433;&#x430;&#x43D;&#x438;&#x437;&#x430;&#x442;&#x43E;&#x440;&#x43E;&#x432; &#x43F;&#x440;&#x438; &#x426;&#x41A; &#x412;&#x41A;&#x41F;(&#x431;)</subfield>
    <subfield code="n">&#x422;&#x438;&#x43F;. [&#x412;&#x44B;&#x441;&#x448;. &#x43F;&#x430;&#x440;&#x442;. &#x448;&#x43A;&#x43E;&#x43B;&#x44B; &#x43F;&#x440;&#x438; &#x426;&#x41A; &#x412;&#x41A;&#x41F;(&#x431;)]</subfield>
    <subfield code="o">&#x41B;&#x435;&#x43A;&#x446;&#x438;&#x44F; 1-</subfield>
    <subfield code="t">&#x41A;&#x443;&#x440;&#x441; &#x43F;&#x43E;&#x43B;&#x438;&#x442;&#x438;&#x447;&#x435;&#x441;&#x43A;&#x43E;&#x439; &#x44D;&#x43A;&#x43E;&#x43D;&#x43E;&#x43C;&#x438;&#x438;</subfield>
    <subfield code="v">&#x41B;&#x435;&#x43A;&#x446;&#x438;&#x438; 13 &#x438; 14</subfield>
  </datafield>
  <datafield tag="606" ind1=" " ind2=" ">
    <subfield code="a">&#x41A;&#x430;&#x43F;&#x438;&#x442;&#x430;&#x43B;</subfield>
    <subfield code="x">&#x41D;&#x430;&#x43A;&#x43E;&#x43F;&#x43B;&#x435;&#x43D;&#x438;&#x435; (&#x43B;&#x435;&#x43A;&#x446;&#x438;&#x438; 13 &#x438; 14)</subfield>
    <subfield code="2">psbo</subfield>
  </datafield>
  <datafield tag="606" ind1=" " ind2=" ">
    <subfield code="a">&#x420;&#x430;&#x431;&#x43E;&#x447;&#x438;&#x439; &#x43A;&#x43B;&#x430;&#x441;&#x441;</subfield>
    <subfield code="x">&#x41E;&#x431;&#x43D;&#x438;&#x449;&#x430;&#x43D;&#x438;&#x435; &#x432; &#x443;&#x441;&#x43B;&#x43E;&#x432;&#x438;&#x44F;&#x445; &#x43A;&#x430;&#x43F;&#x438;&#x442;&#x430;&#x43B;&#x438;&#x437;&#x43C;&#x430; (&#x43B;&#x435;&#x43A;&#x446;&#x438;&#x438; 13 &#x438; 14)</subfield>
    <subfield code="2">psbo</subfield>
  </datafield>
  <datafield tag="702" ind1=" " ind2="1">
    <subfield code="a">&#x41E;&#x441;&#x442;&#x440;&#x43E;&#x432;&#x438;&#x442;&#x44F;&#x43D;&#x43E;&#x432;</subfield>
    <subfield code="b">&#x41A;.&#x412;.</subfield>
    <subfield code="g">&#x41A;&#x43E;&#x43D;&#x441;&#x442;&#x430;&#x43D;&#x442;&#x438;&#x43D; &#x412;&#x430;&#x441;&#x438;&#x43B;&#x44C;&#x435;&#x432;&#x438;&#x447;</subfield>
    <subfield code="4">570</subfield>
  </datafield>
  <datafield tag="801" ind1=" " ind2="0">
    <subfield code="a">RU</subfield>
    <subfield code="b">NLR</subfield>
    <subfield code="g">psbo</subfield>
  </datafield>
  <datafield tag="801" ind1=" " ind2="1">
    <subfield code="a">RU</subfield>
    <subfield code="b">ELAR</subfield>
    <subfield code="2">rusmarc</subfield>
  </datafield>
  <datafield tag="852" ind1=" " ind2=" ">
    <subfield code="a">NLR</subfield>
    <subfield code="j">&#x42D;&#x43A;14 &#x413;-6/22</subfield>
  </datafield>
  <datafield tag="942" ind1=" " ind2=" ">
    <subfield code="c">BOOK</subfield>
  </datafield>
  <datafield tag="980" ind1=" " ind2=" ">
    <subfield code="a">NB</subfield>
  </datafield>
  <datafield tag="995" ind1=" " ind2=" ">
    <subfield code="5">2013-10-26</subfield>
    <subfield code="b">NLR02</subfield>
    <subfield code="c">NLR02</subfield>
    <subfield code="e">RFS</subfield>
    <subfield code="f">8102980-10</subfield>
    <subfield code="k">&#x42D;&#x43A;14 &#x413;-6/22</subfield>
    <subfield code="o">0</subfield>
    <subfield code="r">BOOK</subfield>
    <subfield code="s">14_622</subfield>
  </datafield>
</record>
